|
|
|
|
| LEADER |
00739nam a22002057a 4500 |
| 001 |
AAL1102 |
| 003 |
BD-DhAAL |
| 005 |
20160124150638.0 |
| 008 |
160124s 1998bd a|||| |||| 00| 0 eng d |
| 040 |
|
|
|a BD-DhAAL
|c BD-DhAAL
|
| 082 |
|
|
|a 808.88/2
|
| 100 |
|
|
|a Khan, Tasnuva Amin
|9 17542
|
| 245 |
|
|
|a Quotable quotes :
|b a treasury quotations to add spice to your speeches /
|c Tasnuva Amin Khan
|
| 260 |
|
|
|a Dhaka :
|b Color Roots,
|c 1998.
|
| 300 |
|
|
|a 60 p. :
|b ill. ;
|c 20 cm.
|
| 541 |
|
|
|e 1102
|
| 650 |
|
|
|a Quotations, English.
|9 17543
|
| 942 |
|
|
|2 ddc
|c BK
|
| 999 |
|
|
|c 36673
|d 36673
|
| 952 |
|
|
|0 0
|1 0
|2 ddc
|4 0
|6 808_880000000000000_2_KHA
|7 0
|9 57680
|a SCL
|b SCL
|c GEN
|d 2016-01-24
|g 70.00
|l 7
|m 42
|o 808.882 KHA
|p 3020001102
|r 2019-07-29
|s 2019-05-16
|t 1
|w 2016-01-24
|y BK
|